LEADER 02334nas a2200337 i 4500 001 000000003172 003 CaOOAMICUS 005 20180830125436.0 008 180830s1964 it uu u0 0ita r 022 $a3910-60272 040 $aSeMil$bita 245 13$aIl Gazzettino della FOM /$cfoglio quindicinale di informazione della Federazione Oratori Milanesi. 260 $aMilano :$b[s.n.],$c1964. 300 $a32 cm. 500 $aDescrizione basata sul N. 1 (1 Gennaio 1987). - L'Editore varia in : Milano : In Dialogo. - Dimensioni variabili. 500 $aConsistenza: 1987 ; 1989-1994 ; Supplemento al n. 13 (1 agosto 2007) ; Suppl. al n. 8 (15 agosto 2013) ; Suppl. al n. 9 (15 agosto 2014) ; Suppl. al n. 8 (1 settembre 2015) ; Suppl. al n. 8 (15 agosto 2016) ; Suppl. al n. 7 (1 settembre 2017) 700 1 $aFondazione Diocesana per gli Oratori Milanesi .$0(OLS)http://semarc/name/1901 774 0 $tTitolo mancante.$w()131026 774 0 $tTutto campo.$dMilano : In Dialogo, copyr. 2013.$z978-88-8123-830-9$w()204667 774 0 $aFondazione Diocesana per gli Oratori Milanesi $tSolo insieme.$dMilano : In Dialogo, copyr. 2014.$z978-88-8123-890-3$w()231861 774 0 $tAmore di Dio è in mezzo a noi. Come io vi ho amato.$dMilano : [s.n.], 2008.$w()236595 774 0 $aFondazione Diocesana per gli Oratori Milanesi $tCome Gesù.$dMilano : FOM, Fondazione Diocesana per gli Oratori Milanesi, 2015.$w()244430 774 0 $aFondazione Diocesana per gli Oratori Milanesi $tScegli il bene.$dMilano : FOM, Fondazione Diocesana per gli Oratori Milanesi, 2016.$w()250840 774 0 $aFondazione Diocesana per gli Oratori Milanesi $tVedrai che bello!.$dMilano : FOM, Fondazione Diocesana per gli Oratori Milanesi, 2017.$w()255343 774 0 $tRapporto tra Società Sportiva e Oratorio .$dMilano : [s.n.], 2018.$w()340106 774 0 $tProgetto educativo della Società Sportiva.$dMilano : [s.n.], 2018.$w()340107 774 0 $tOrganizzare la Società Sportiva.$dMilano : [s.n.], 2018.$w()340108 774 0 $tGenitori e Società Sportiva.$dMilano : [s.n.], 2019.$w()340109 996 $6022$a3910-60272$9(OLS)http://semarc/number/269670 996 $6245$aIl Gazzettino della FOM$9(OLS)http://semarc/title/5415 996 $6260$aMilano :$b[s.n.]$9(OLS)http://semarc/publisher/29709 LEADER 01074nam a2200217 i 4500 001 000000118108 003 CaOOAMICUS 005 20180529000000.0 008 180529s2017 it u000 u ita u 013 $a90801 040 $aSeMil$bita 100 1 $aDel Torchio, Luigi <1940- >.$0(OLS)http://semarc/name/24651 245 10$aAntonio Rosmini nella conca dei laghi varesini :$bcon ricamo di testimonianze tratte da "Rosmini : l'uomo e il santo" a cura di Eduino Menestrina /$cLuigi Del Torchio. 260 $a[S.l. :$bs.n.],$c2017. 300 $a114 p. :$bill. ;$c21 cm. 600 14$aRosmini Serbati, Antonio .$0(OLS)http://semarc/subject/791 850 $aSeMil 852 $aSeMil$W1$xVenegono$y1$m2Q V 422$j73430$B73430$CSeMilBibl$Z2$F76362 $81 961 $aLascito: Villa mons. Luigi 996 $6245$aAntonio Rosmini nella conca dei laghi varesini :$bcon ricamo di testimonianze tratte da "Rosmini : l'uomo e il santo" a cura di Eduino Menestrina$9(OLS)http://semarc/title/407720 996 $6260$a[S.l. :$bs.n.]$9(OLS)http://semarc/publisher/29751